<?xml version="1.0" encoding="UTF-8"?>
<collection xmlns="http://www.loc.gov/MARC21/slim">
 <record>
  <leader>00683nam a22001695a 4500</leader>
  <controlfield tag="001">EAD.ead000349</controlfield>
  <controlfield tag="008">060403s2005####ag#####g######010#0#spa#d</controlfield>
  <controlfield tag="005">20070523173557.0</controlfield>
  <datafield tag="245" ind1="1" ind2="0">
   <subfield code="a">85 años de la Cooperativa Obrera :</subfield>
   <subfield code="b">la empresa social de los propios consumidores.</subfield>
  </datafield>
  <datafield tag="260" ind1=" " ind2=" ">
   <subfield code="a">[Bahía Blanca] :</subfield>
   <subfield code="b">Cooperativa Obrera,</subfield>
   <subfield code="c">impreso en 2005.</subfield>
  </datafield>
  <datafield tag="300" ind1=" " ind2=" ">
   <subfield code="a">175 p. :</subfield>
   <subfield code="b">principalmente il., col. ;</subfield>
   <subfield code="c">28 cm.</subfield>
  </datafield>
  <datafield tag="110" ind1="2" ind2=" ">
   <subfield code="a">Cooperativa Obrera (Bahía Blanca).</subfield>
  </datafield>
  <datafield tag="082" ind1="0" ind2="4">
   <subfield code="a">060</subfield>
   <subfield code="2">21</subfield>
  </datafield>
  <datafield tag="610" ind1="2" ind2="4">
   <subfield code="a">Cooperativa Obrera (Bahía Blanca)</subfield>
   <subfield code="v">Historia.</subfield>
  </datafield>
  <datafield tag="650" ind1=" " ind2="7">
   <subfield code="a">Cooperativas de consumo.</subfield>
   <subfield code="2">unbist</subfield>
  </datafield>
  <datafield tag="651" ind1=" " ind2="0">
   <subfield code="a">Bahía Blanca (Argentina)</subfield>
  </datafield>
  <datafield tag="859" ind1=" " ind2=" ">
   <subfield code="a">AR-BaBDC</subfield>
   <subfield code="b">BIB. ADMINISTRACION GABCOOP - Libros</subfield>
   <subfield code="h">334.5</subfield>
   <subfield code="i">C784-1</subfield>
   <subfield code="p">g01189</subfield>
  </datafield>
 </record>
</collection>
